000 00672cam a2200217 a 4500
001 898206
005 20180208042040.0
008 810528s1981 nyua b 001 0 eng
010 _a 81010325
020 _a0531099296
040 _aDLC
_cDLC
_dDLC
041 _aeng
080 _a613 WYN
082 0 0 _a613 WYN
_219
100 _a10
101 _aNUT
245 0 4 _aThe Book of health /
_cThe American Health Foundation ; editor in chief, Ernst L. Wynder ; special editor, Sidney Hertzberg ; associate editor, Ellen Parker.
504 _aIncludes bibliographical references and index.
906 _a7
_bcbc
_corignew
_d1
_eocip
_f19
_gy-gencatlg
942 _2ddc
_cBK
999 _c42097
_d42097